| 000 | 01028cam a2200289 a 4500 | ||
|---|---|---|---|
| 999 |
_c328559 _d328559 |
||
| 001 | 3407861 | ||
| 003 | Nust | ||
| 005 | 20170412103800.0 | ||
| 008 | 890926s1988 nyua 000 1 eng | ||
| 010 | _a 89189316 | ||
| 020 |
_a9781857236163 _c$19.95 |
||
| 040 |
_aDLC _cDLC _dDLC |
||
| 050 | 0 | 0 |
_aPS3573.I45563 _bD7 1988 |
| 082 | 0 | 0 |
_a813.54 _bWIL |
| 100 | 1 | _aWilliams, Tad. | |
| 245 | 1 | 4 |
_aThe dragonbone chair / _cTad Williams. |
| 260 |
_aNew York : _bDAW Books, _c1988. |
||
| 300 |
_a930 p. : _bill. ; _c24 cm. |
||
| 490 | 1 |
_aMemory, sorrow, and thorn ; _vbk. 1 |
|
| 500 | _aFirst vol. in a trilogy. | ||
| 655 | 7 |
_aFantastic fiction. _2gsafd |
|
| 800 | 1 |
_aWilliams, Tad. _tMemory, sorrow, and thorn ; _vbk. 1. |
|
| 856 | 4 | 2 |
_3Contributor biographical information _uhttp://www.loc.gov/catdir/enhancements/fy1206/89189316-b.html |
| 906 |
_a7 _bcbc _corignew _d2 _encip _f19 _gy-gencatlg |
||
| 942 |
_2ddc _cBK |
||